00896nam a22002537a 4500003000900000005001700009008002500026040002200051082002700073111007800100245002300178260006600201300002000267590002600287650001500313650002100328710004800349910004000397942001200437945002800449952013200477956001600609999001700625DO-SdBNP20231004091929.0180205b nq| 00| 0 spa d aBPMSUbspacBPMSU 4a361.68bS471r 19982222 aSeminario Internacional Sobre Sistemas de Pensiones d(1998 : cManagua )13aLa ruta del cambio aManagua :bInstituto Nicaranguense de Seguridad Social,c1998 a376 p. ;c23 cm aInventariado, 2023/VM 4aPensiones  4aSeguridad social2 aInstituto Nicaraguense de Seguridad Social  aVMateo V. Control de calidad BPMSU  2ddccBK ainventariado, 2018 / dg 00102ddc40708CGaBPMETbBPMETd2018-02-05eFUNDI l0oBPMSU CG 361.68 S471r 1998pBPMSU18020041r2018-02-05w2018-02-05yBK adgarciab10 c13254d13254